Pays Mentionnés dans la page Wikipédia des États-Unis - Statistiques

Statistiques générales
  • Ce quiz a été pris 62 fois
  • Le résultat moyen est 26 sur 42
Statistiques - réponses
Mentions Réponse % Correct
17 Canada
98%
19 France
98%
16 Mexique
98%
23 Chine
95%
5 Espagne
95%
7 Royaume-Uni
93%
7 Russie
93%
3 Allemagne
91%
1 Brésil
91%
1 Iran
88%
4 Irak
84%
3 Inde
83%
5 Japon
83%
2 Australie
81%
1 Corée du Nord
79%
1 Corée du Sud
79%
1 Italie
79%
5 Cuba
78%
3 Afghanistan
69%
1 Pays-Bas
69%
1 Pologne
69%
3 Israël
67%
1 Suisse
66%
2 Suède
64%
2 Viêt Nam
64%
1 Irlande
62%
1 Nouvelle-Zélande
60%
3 Norvège
59%
1 Maroc
57%
2 Arabie Saoudite
55%
1 Syrie
52%
1 Islande
48%
3 Philippines
40%
2 Luxembourg
31%
1 Vatican
28%
1 Tchéquie
26%
1 Soudan
24%
3 Samoa
16%
1 Papouasie-Nouvelle-Guinée
9%
1 Eswatini
5%
1 Lesotho
5%
1 Bhoutan
3%
Aucun quiz correspondant
Distribution des résultats
% des personnes avec chaque résultat
Percentile par nombre de réponses
Votre historique - résultats
Vous n’avez pas pris ce quiz